| 000 | 00468nam a22001937a 4500 | ||
|---|---|---|---|
| 999 |
_c532046 _d532046 |
||
| 003 | NUST | ||
| 005 | 20191107101800.0 | ||
| 008 | 191107b ||||| |||| 00| 0 eng d | ||
| 020 | _a0415672457 | ||
| 024 | _a9780415672450 | ||
| 038 | _aMSOHAIL | ||
| 082 | _a0 | ||
| 100 |
_aAndrew Chadwick _925325 |
||
| 245 | _aHydraulics in Civil and Environmental Engineering | ||
| 250 | _a5th | ||
| 260 |
_aLondon _bCRC Press _cc2013 |
||
| 300 | _a648 ,p | ||
| 942 |
_2ddc _cBK |
||